Introduction to crystal growth : (Record no. 19445)

MARC details
000 -LEADER
fixed length control field 01407cam a22002895i 4500
001 - CONTROL NUMBER
control field 18456984
003 - CONTROL NUMBER IDENTIFIER
control field EG-ScBUE
005 - DATE AND TIME OF LATEST TRANSACTION
control field 20251207100418.0
008 - FIXED-LENGTH DATA ELEMENTS--GENERAL INFORMATION
fixed length control field 150116t2015 flua f b 001 0 eng d
020 ## - INTERNATIONAL STANDARD BOOK NUMBER
International Standard Book Number 9781439883303 (hardcover : alk. paper)
040 ## - CATALOGING SOURCE
Original cataloging agency EG-ScBUE
Language of cataloging eng
Description conventions rda
Transcribing agency EG-ScBUE
Modifying agency EG-ScBUE
082 04 - DEWEY DECIMAL CLASSIFICATION NUMBER
Classification number 548.5
Edition number 22
Item number BHA
100 1# - MAIN ENTRY--PERSONAL NAME
Personal name Bhat, H. L.,
9 (RLIN) 38087
Relator term author.
245 10 - TITLE STATEMENT
Title Introduction to crystal growth :
Remainder of title principles and practice /
Statement of responsibility, etc H. L. Bhat, former professor of physics, Indian Institute of Science, Bangalore and visiting professor, Centre for Nano and Soft Matter Sciences, Bangalore.
264 #1 - PUBLICATION, DISTRIBUTION, ETC. (IMPRINT)
Place of publication, distribution, etc Boca Raton :
Name of publisher, distributor, etc CRC Press / Taylor & Francis Group,
Date of publication, distribution, etc [2015]
264 #4 - PUBLICATION, DISTRIBUTION, ETC. (IMPRINT)
Date of publication, distribution, etc c2015
300 ## - PHYSICAL DESCRIPTION
Extent xvii, 328 pages :
Other physical details illustrations ;
Dimensions 25 cm
336 ## - CONTENT TYPE
Source rdacontent
Content type term text
Content type code txt
337 ## - MEDIA TYPE
Media type term unmediated
Source rdamedia
Media type code n
338 ## - CARRIER TYPE
Carrier type term volume
Carrier type code nc
Source rdacarrier
504 ## - BIBLIOGRAPHY, ETC. NOTE
Bibliography, etc Includes bibliographical references and index.<br/>
505 0# - FORMATTED CONTENTS NOTE
Formatted contents note Nucleation phenomena -- Crystal growth mechanisms-- Defects in crystals -- Dislocations and crystal growth -- Phase diagrams and crystal growth -- Growth from the solid phase -- Growth from the melts -- Growth from liquid solutions -- Crystal growth from the vapor phase -- Growth of thin films -- Crystal characterization.
650 #7 - SUBJECT ADDED ENTRY--TOPICAL TERM
Topical term or geographic name as entry element Crystal growth.
Source of heading or term BUEsh
653 ## - INDEX TERM--UNCONTROLLED
Resource For college Engineering, General
Arrived date list May2015
655 ## - INDEX TERM--GENRE/FORM
Form subdivision Reading book
9 (RLIN) 34232
942 ## - ADDED ENTRY ELEMENTS (KOHA)
Source of classification or shelving scheme Dewey Decimal Classification
Koha item type Book - Borrowing
Holdings
Withdrawn status Lost status Source of classification or shelving scheme Damaged status Not for loan Collection code Home library Current library Shelving location Date acquired Source of acquisition Cost, normal purchase price Total Checkouts Full call number Barcode Date last seen Cost, replacement price Koha item type
    Dewey Decimal Classification     Baccah Central Library Central Library First floor 26/05/2015   680.00   548.5 BHA 000038330 15/07/2025 850.00 Book - Borrowing